Estadísticas para Personalidades históricas y famosos - T

Haz click aquí para intentar la prueba.

Estadísticas generales

  • Esta prueba ha sido intentada 67 veces
  • La puntuación promedio es 12 de 23

Estadísticas de respuestas

DescripciónRespuesta% Correcto
Empresario que ejerció como presidente de los Estados Unidos entre los años 2017 y 2021.Donald Trump
95%
Faraón del Antiguo Egipto que murió en edad prematura y su famosa tumba fue descubierta en el 1922, creando a su paso la conspiración de la maldición del faraón.Tutankamón
95%
Monja católica que se dedicó a curar multitud de personas enfermas y ayudar a los pobres en la ciudad de Calcuta.Teresa de Calcuta
85%
Célebre director de cine que ha dirigido películas cómo "Pulp Fiction", "Reservoir Dogs", "Kill Bill", "Malditos bastardos" y "Django desencadenado".Quentin Tarantino
83%
Genio inventor estadounidense de origen austríaco que descubrió la corriente alterna, inventó la radio y el control remoto, desarrolló diversos sistemas de distribución eléctrica y realizó estudios sobre los rayos X.Nikola Tesla
81%
Primera mujer que ejerció como Primera Ministra del Reino Unido, también conocida cómo "la Dama de Hierro".Margaret Thatcher
80%
Rapero estadounidense, considerado cómo uno de los más influyentes de todos los tiempos y que murió asesinado el año 1996.Tupac Shakur
73%
Novelista ruso considerado uno de los escritores más importantes de la literatura universal. Sus obras más famosas son "Guerra y paz" y "Anna Karenina".Lev Tolstoi
64%
Autor del "Señor de los Anillos".John R.R. Tolkien
63%
Ex-boxeador estadounidense conocido por su ferocidad e intimidación en el ring y por ser uno de los mejores pesos pesados de la historia.Mike Tyson
59%
Desde el año 2015 es el primer ministro de Canadá.Justin Trudeau
51%
Cantante, compositora y coreógrafa estadounidense conocida cómo "la Reina del Rock".Tina Turner
51%
Presidente de Yugoslavia entre los años 1953 y 1980. Famoso por su autoritarismo, crear la Yugoslavia socialista y su neutralidad ante la Guerra Fría.Josip Broz Tito
49%
Filósofo medieval muy importante, principal representante de la escolástica y figura primordial en la teología.Tomás de Aquino
47%
Fue emperador romano entre los años 98 y 117. Considerado uno de los más poderosos y que logró la mayor extensión del Imperio Romano gracias a sus campañas militares.Trajano
41%
Científico británico, padre de la ciencia de la computación, precursor de la informática moderna y pionero de la inteligencia artificial. Durante la Segunda Guerra Mundial descifró los códigos nazis de la máquina Enigma, acortándole años a la duración de la guerra.Alan Turing
39%
Escritor de comedias y sátiras famosas como "El príncipe y el mendigo", "Las aventuras de Tom Sawyer" y "Las aventuras de Huckleberry Finn".Mark Twain
34%
Considerado el primer filósofo de la historia.Tales de Mileto
34%
Emperador romano que impuso el cristianismo y prohibió definitivamente el paganismo. Después de su muerte, el 379, el Imperio Romano se dividió en dos.Teodosio I el Grande
31%
Dictador de la República Dominicana entre el año 1930 y el 1961.Rafael Leónidas Trujillo
25%
Conquistador turcomongol que durante el siglo XIV fundó un imperio extendido por toda Asia Central y Persia.Tamerlán
19%
Este rey de los ostrogodos fue uno de los gobernantes más poderosos de los siglos V y VI, llegando a poseer gran parte del territorio occidental del Imperio bizantino.Teodorico el Grande
12%
General ateniense que derrotó el gobierno de los Treinta Tiranos y restableció la democracia.Trasíbulo
8%

Distribución de puntuación

Porcentaje por número respondido

Porcentaje de gente con cada puntuación

Historial de tus puntuaciones

No has intentado esta prueba.